000
00329nam a22001457a 4500
008
210609b ||||| |||| 00| 0 eng d
020
_a
9780071259293
041
_a
eng
080
_2
3rd
_a
621
082
_a
621
100
_a
26
101
_a
MEK
245
_a
Fundamentals of Structural Analysis
_c
Leet,K.M
942
_2
udc
_c
BK
999
_c
58080
_d
58080